| 000 | 00434nam a2200169Ia 4500 | ||
|---|---|---|---|
| 003 | OSt | ||
| 005 | 20240719121007.0 | ||
| 008 | 230107s9999||||xx |||||||||||||| ||und|| | ||
| 020 | _a9966470875 | ||
| 040 | _cChuka University Library | ||
| 050 |
_aAFR PN 6099 _bP37 2003 |
||
| 100 |
_aPartington, Stephen .D _94290 |
||
| 245 | 0 | _aSMS and face to face | |
| 260 |
_aNairobi _bPhoenix PUBLISHERS _c2003 |
||
| 300 | _a112P | ||
| 942 |
_cBK _2lcc |
||
| 999 |
_c9084 _d9084 |
||